000 00490nam a22001697a 4500
999 _c41288
_d41288
003 OSt
005 20210413121801.0
008 210413b ||||| |||| 00| 0 eng d
040 _coclc
082 _a297.14
_bKAB/S
100 _91846
_aKabeer, V A
245 _aShareeathum Indian Muslikalum/
_cV A Kabeer
250 _a5th ed.
260 _aKozhikkode:
_bIslamic Publishing House,
_c2017.
300 _a178 pages
942 _2ddc
_cBK
_h297.14
_iKAB/S
_k297.14
_mKAB/S